Music Quiz

Random Music or Bands Quiz
Score 0/40 Timer 06:00
5 Plays Today
Year Artist % Correct
1987Aretha Franklin
96.2%
2010*ABBA
86.9%
2008Madonna
85.7%
2020Whitney Houston
81.9%
1988The Supremes
80.2%
2015*Joan Jett & the Blackhearts
77.9%
1995Janis Joplin
76.2%
1998*The Mamas and the Papas
75.3%
1998*Fleetwood Mac
73.4%
2006*Blondie
72.6%
2013*Heart
70.8%
1996*Jefferson Airplane
63.1%
1997Joni Mitchell
60.8%
1991*Ike & Tina Turner
60.1%
1999Dusty Springfield
55.8%
2013Donna Summer
53.9%
2005*Pretenders
52.8%
1993Etta James
51.9%
2019Stevie Nicks
50.5%
2000Bonnie Raitt
46.6%
Year Artist % Correct
1996The Shirelles
46.4%
2002*Talking Heads
46.2%
2007Patti Smith
45.2%
2019Janet Jackson
41.8%
1993*Sly and the Family Stone
35.1%
2007The Ronettes
35%
2014Linda Ronstadt
33.9%
2017Joan Baez
32.5%
1996*Gladys Knight & the Pips
28.9%
1995Martha and the Vandellas
28.4%
2002Brenda Lee
24.5%
1996*The Velvet Underground
24.3%
2018Nina Simone
23.3%
2011Darlene Love
20.4%
1990*The Platters
20.2%
1994*Grateful Dead
19.1%
1993Ruth Brown
15.4%
1999*The Staple Singers
15.3%
1991LaVern Baker
13.9%
2012Laura Nyro
12.8%
Remove Ads.
Support Sporcle.
Get the best of Sporcle when you Go Orange. This ad-free experience offers more features, more stats, and more fun while also helping to support Sporcle. Thank you for becoming a member.

You're not logged in!

Compare scores with friends on all Sporcle quizzes.
OR
Log In

Sporcle TV

Today on Sporcle TV


Watch our educational content, quiz creation guides, and fun videos on Sporcle TV.

Show Comments

Extras

Top Quizzes Today


Score Distribution

Paid Content

Your Account Isn't Verified!

In order to create a playlist on Sporcle, you need to verify the email address you used during registration. Go to your Sporcle Settings to finish the process.

Report this User

Report this user for behavior that violates our Community Guidelines.

Details: